| 000 | 00000cam 2200000zi 4500 |
| 001 | 9.958135 |
| 003 | CaOODSP |
| 005 | 20251210141552 |
| 006 | m o d f |
| 007 | cr bn||||||||| |
| 008 | 251210s2025 onc ol f000 0 eng d |
| 040 | |aCaOODSP|beng|erda|cCaOODSP |
| 041 | 0 |aeng|afre |
| 043 | |an-cn--- |
| 086 | 1 |aYB451-243/1-PDF |
| 110 | 1 |aCanada. |bParliament. |bSenate, |eissuing body. |
| 245 | 13|aAn Act to establish a national framework for women's health in Canada = |bLoi prévoyant l'établissement d'un cadre national sur la santé des femmes au Canada. |
| 246 | 11|aLoi prévoyant l'établissement d'un cadre national sur la santé des femmes au Canada |
| 246 | 1 |iShort title: |aNational Framework for Women's Health in Canada Act |
| 264 | 1|a[Ottawa] : |bSenate of Canada = Sénat du Canada, |c2025. |
| 300 | |a1 online resource (ii, 4 pages). |
| 336 | |atext|btxt|2rdacontent |
| 337 | |acomputer|bc|2rdamedia |
| 338 | |aonline resource|bcr|2rdacarrier |
| 490 | 1 |aBill S-... ; |vBill S-243, 1st Session, 45th Parliament |
| 500 | |a"First Session, Forty-fifth Parliament, 3-4 Charles III, 2025." |
| 500 | |a"Bill S-243." |
| 500 | |a"First reading, December 9, 2025." |
| 500 | |a"The Honourable Senator Henkel." |
| 500 | |a"4512521." |
| 520 | |a"This enactment provides for the development of a national framework to promote, enhance and protect women's health as a matter of national concern"--Summary, page ii. |
| 546 | |aText in English and French. |
| 650 | 0|aWomen|xHealth and hygiene|xLaw and legislation|zCanada. |
| 650 | 0|aWomen's health services|xLaw and legislation|zCanada. |
| 655 | 7|aLegislative bills|2lcgft |
| 788 | |tAn Act to establish a national framework for women's health in Canada = |efre|w(CaOODSP)9.958137 |
| 830 | #0|aBill S-...|vBill S-243, 1st Session, 45th Parliament.|w(CaOODSP)9.500665 |
| 856 | 40|qPDF|s103 KB|uhttps://publications.gc.ca/collections/collection_2025/sen/YB451-243-1.pdf |
| 856 | 4 |qHTML|sN/A|uhttps://www.parl.ca/documentviewer/en/45-1/bill/S-243/first-reading?col=2 |